Search the Library Catalogue
| 000 -LEADER | |
|---|---|
| fixed length control field | 00682nam a2200193Ia 4500 |
| 008 - FIXED-LENGTH DATA ELEMENTS--GENERAL INFORMATION | |
| fixed length control field | 210417s9999 xx 000 0 und d |
| 020 ## - INTERNATIONAL STANDARD BOOK NUMBER | |
| International Standard Book Number | 9788120600966 |
| -- | 8120600967 |
| 082 ## - DEWEY DECIMAL CLASSIFICATION NUMBER | |
| Classification number | 491.44321 CAR |
| Item number | 22.491.44321 CAR |
| 245 #0 - TITLE STATEMENT | |
| Title | Carey's A Dictionary of the Bengali language : in which the words are traced to their origin and their various meanings given |
| Statement of responsibility, etc. | Careys A Dictionary of the Bengali language in which the words are traced to their origin and their various meanings given |
| 250 ## - EDITION STATEMENT | |
| Remainder of edition statement | 1544p. ; hbk |
| 260 ## - PUBLICATION, DISTRIBUTION, ETC. | |
| Place of publication, distribution, etc. | New Delhi |
| Name of publisher, distributor, etc. | Asian Educational Services |
| Date of publication, distribution, etc. | 1993 |
| 700 ## - ADDED ENTRY--PERSONAL NAME | |
| Personal name | "Carey, W" |
| Numeration | W. Carey |
No items available.